| 000 | 00741nam a2200253Ia 4500 | ||
|---|---|---|---|
| 003 | OSt | ||
| 005 | 20220928133543.0 | ||
| 006 | a|||||r|||| 00| 0 | ||
| 007 | ta | ||
| 008 | 220927b |||||||| |||| 00| 0 eng d | ||
| 020 | _c1500 | ||
| 024 | _a109763 | ||
| 037 |
_b1122, 24/09/2010, Ashutosh Technical Books _cTextual |
||
| 040 |
_aSDCL _cSDCL _beng |
||
| 041 |
_2eng _aeng |
||
| 082 | _aW, Q0.1-2 | ||
| 100 |
_aPrasad Chandra Dev _9485849 |
||
| 245 | 0 | _aTulnatmak rajniti.2V. | |
| 260 |
_aNew Delhi _bAtlantic Publishers _c2010 |
||
| 490 | _vV1,viii,376p | ||
| 650 | _aPolitical Science | ||
| 942 |
_hW, Q0.1-2 _cTEXL _2CC |
||
| 999 |
_c800044 _d800044 |
||